| 000 | 00795nam a2200277Ia 4500 | ||
|---|---|---|---|
| 001 | AUWbook003205 | ||
| 003 | BDCtgAUW | ||
| 005 | 20260406161403.0 | ||
| 008 | 220908s9999 xx 000 0 eng d | ||
| 020 | _a0375421300 | ||
| 040 |
_aBDCtgAUW _cBDCtgAUW |
||
| 050 | _aDK944.B57 | ||
| 100 | 1 | _aBissell, Tom. | |
| 245 | 0 |
_aChasing the sea : _blost among the ghosts of empire in central asia / |
|
| 260 |
_aNew York : _bPantheon Books, _c2003. |
||
| 300 | _axxi, 388 pages. | ||
| 650 | 0 | _aAral Sea (Uzbekistan and Kazakhstan). | |
| 650 | 0 | _aEnvironmental degradation. | |
| 650 | 0 | _aHistory of Russia. | |
| 650 | 0 |
_aUzbekistan _xDescription and Travel. _980415 |
|
| 650 | 0 |
_aUzbekistan _xGuidebook. _980416 |
|
| 887 |
_a BRAC _22982 |
||
| 888 | _22982 | ||
| 942 |
_cBK _00 _2lcc |
||
| 945 | _cBK | ||
| 999 |
_c18541 _d18541 |
||